Minerals planning guidance (Record no. 94154)

MARC details
000 -LEADER
fixed length control field 01120cam a2200289 4500
008 - FIXED-LENGTH DATA ELEMENTS--GENERAL INFORMATION
fixed length control field 090401t1992 xxu||||| |||| 00| 0 eng d
020 ## - INTERNATIONAL STANDARD BOOK NUMBER
International Standard Book Number 0117526290
035 ## - SYSTEM CONTROL NUMBER
System control number (Sirsi) u59481
041 ## - LANGUAGE CODE
Language code of text/sound track or separate title eng
050 ## - LIBRARY OF CONGRESS CALL NUMBER
Classification number 711.1
-- 18
110 ## - MAIN ENTRY--CORPORATE NAME
Corporate name or jurisdiction name as entry element United Kingdom
Subordinate unit Department of the Environment
9 (RLIN) 982
245 ## - TITLE STATEMENT
Title Minerals planning guidance
Remainder of title Planning and Compensation Act 1991: Interim Development Order permissions (IDOS) - conditions
260 ## - PUBLICATION, DISTRIBUTION, ETC.
Place of publication, distribution, etc. London
Name of publisher, distributor, etc. HMSO
Date of publication, distribution, etc. 1992
300 ## - PHYSICAL DESCRIPTION
Extent (13)p.
Dimensions 30cm.
350 ## - PRICE (NR) (BK AM CF MU VM SE) [OBSOLETE]
Price 3.45
490 ## - SERIES STATEMENT
Series statement MPG
Volume/sequential designation 9
520 ## - SUMMARY, ETC.
Summary, etc. Advice on the considerations to be taken into account when applications for the registration of 'old mining permissions', granted between 22 July 1943 and 30 June 1948, are made. View at www.planning.odpm.gov.uk.
650 ## - SUBJECT ADDED ENTRY--TOPICAL TERM
Topical term or geographic name entry element INTERIM DEVELOPMENT ORDERS
650 ## - SUBJECT ADDED ENTRY--TOPICAL TERM
Topical term or geographic name entry element MINERALS PLANNING
650 ## - SUBJECT ADDED ENTRY--TOPICAL TERM
Topical term or geographic name entry element MINERALS
650 ## - SUBJECT ADDED ENTRY--TOPICAL TERM
Topical term or geographic name entry element MPG9
690 ## - LOCAL SUBJECT ADDED ENTRY--TOPICAL TERM (OCLC, RLIN)
Topical term or geographic name as entry element MINING AND MINERALS
710 ## - ADDED ENTRY--CORPORATE NAME
Corporate name or jurisdiction name as entry element United Kingdom
Subordinate unit Welsh Office
9 (RLIN) 1214
856 ## - ELECTRONIC LOCATION AND ACCESS
Uniform Resource Identifier <a href="https://www.communities.gov.uk/index.asp?id=1144210">https://www.communities.gov.uk/index.asp?id=1144210</a>
Hours access method available View the guidance on the ODPM website...
942 ## - ADDED ENTRY ELEMENTS (KOHA)
Suppress in OPAC 0
948 ## - LOCAL PROCESSING INFORMATION (OCLC); SERIES PART DESIGNATOR (RLIN)
c (OCLC) 04/03/1997
Holdings
Withdrawn status Lost status Source of classification or shelving scheme Damaged status Not for loan Home library Current library Shelving location Date acquired Cost, normal purchase price Total Checkouts Full call number Barcode Date last seen Copy number Cost, replacement price Price effective from Koha item type Date last checked out
    Dewey Decimal Classification     London London Enquiry desk 24/03/1992 3.45   BOXED SET 30032485 06/08/2019 1 3.45 06/08/2019 Reference material  
    Dewey Decimal Classification     London London Enquiry desk 24/03/1992 3.45   BOXED SET 30032486 06/08/2019 2 3.45 06/08/2019 Book  
    Dewey Decimal Classification     London London Enquiry desk 25/03/1992 3.45 1 BOXED SET 30032509 06/08/2019 3 3.45 06/08/2019 Book 01/11/1999
    Dewey Decimal Classification     Virtual Virtual Online 27/06/2003     ONLINE PUBLICATION 59481-2001 06/08/2019 1   06/08/2019 Book